[Event "Smith & Williamson YM-B 8th"]
[Site "Witley"]
[Date "1998.07.25"]
[Round "11"]
[White "Largevsky, Joanna"]
[Black "King, Mathew"]
[Result "1-0"]
[WhiteElo "2039"]
[BlackElo "1759"]
[PlyCount "81"]
[EventDate "1998.07.20"]
[EventType "swiss"]
[EventRounds "11"]
[EventCountry "ENG"]
[SourceTitle "EXT 1999"]
[Source "ChessBase"]
[SourceDate "1998.11.16"]
[SourceVersion "1"]
[SourceVersionDate "1998.11.16"]
[SourceQuality "1"]

1. e4 c5 2. Nf3 d6 3. Nc3 Nf6 4. d4 cxd4 5. Nxd4 g6 6. Be3 Bg7 7. f3 0-0 8. Bc4 Nc6 9. Qd2 Bd7 10. 0-0-0 Qa5 11. h4 Rfc8 12. Bb3 Ne5 13. Bh6 Bxh6 14. Qxh6 Rxc3 15. bxc3 Qxc3 16. Kb1 b5 17. Qd2 Qc5 18. h5 Nc4 19. Qc3 Nxh5 20. Nf5 Na3+ 21. Kb2 Qxc3+ 22. Kxc3 Bxf5 23. exf5 Ng3 24. Rhe1 Kf8 25. f6 exf6 26. Rxd6 Rc8+ 27. Kb2 Nc4+ 28. Bxc4 Rxc4 29. Rxf6 Rb4+ 30. Kc3 a5 31. a3 Rc4+ 32. Kb2 b4 33. axb4 Rxb4+ 34. Kc3 Rb7 35. Ra6 Rc7+ 36. Kb2 Rb7+ 37. Kc1 Rb5 38. Re3 Rh5 39. f4 Nf5 40. Rh3 Ne3 41. Rxe3 1-0

[Event "Smith & Williamson YM-B 8th"]
[Site "Witley"]
[Date "1998.07.20"]
[Round "2"]
[White "Largevsky, Joanna"]
[Black "Leech, Aiden M"]
[Result "1-0"]
[WhiteElo "2039"]
[BlackElo "2145"]
[PlyCount "79"]
[EventDate "1998.07.20"]
[EventType "swiss"]
[EventRounds "11"]
[EventCountry "ENG"]
[SourceTitle "EXT 1999"]
[Source "ChessBase"]
[SourceDate "1998.11.16"]
[SourceVersion "1"]
[SourceVersionDate "1998.11.16"]
[SourceQuality "1"]

1. e4 c5 2. Nf3 d6 3. Nc3 Nf6 4. d4 cxd4 5. Nxd4 a6 6. Be3 e5 7. Nb3 Be6 8. f3 Be7 9. Qd2 Nbd7 10. 0-0-0 b5 11. g4 Nb6 12. g5 Nh5 13. Na5 Qc7 14. Nd5 Bxd5 15. exd5 Rc8 16. Bh3 Nxd5 17. Bxc8 Nxe3 18. Qxe3 Qxc8 19. Kb1 Qc7 20. Nb3 0-0 21. Rd3 Nf4 22. Rc3 Qb7 23. Na5 Qd7 24. Rd1 Ne6 25. h4 Nd4 26. Nb3 Bd8 27. f4 Qg4 28. Rcd3 Nxb3 29. axb3 exf4 30. Qf2 Bc7 31. Rf1 Re8 32. Qxf4 Qxf4 33. Rxf4 Re1+ 34. Ka2 g6 35. Rff3 Re4 36. Rc3 Ba5 37. Rce3 Rxh4 38. Re8+ Kg7 39. Re7 Bd2 40. Rexf7+ 1-0